Fr. Conceicao Rodrigues College of Engineering

Automobile Engineering vol.2 (Record no. 33754)

MARC details
000 -LEADER
fixed length control field 00355nam a2200169Ia 4500
082 ## - DEWEY DECIMAL CLASSIFICATION NUMBER
Classification number 629.2
Item number KIR
100 ## - MAIN ENTRY--PERSONAL NAME
Personal name Kirpal Singh
245 ## - TITLE STATEMENT
Title Automobile Engineering vol.2
260 ## - PUBLICATION, DISTRIBUTION, ETC.
Name of publisher, distributor, etc. Standard Publications
Date of publication, distribution, etc. 2018
366 ## - TRADE AVAILABILITY INFORMATION
Publishers's discount category 10
300 ## - PHYSICAL DESCRIPTION
Extent 728
546 ## - LANGUAGE NOTE
Language note ENGLISH
650 ## - SUBJECT ADDED ENTRY--TOPICAL TERM
Topical term or geographic name entry element AUTOMOBILE
654 ## - SUBJECT ADDED ENTRY--FACETED TOPICAL TERMS
Focus term automobile
942 ## - ADDED ENTRY ELEMENTS (KOHA)
Koha item type BOOK
Holdings
Withdrawn status Lost status Damaged status Not for loan Collection Home library Current library Date acquired Source of acquisition Cost, normal purchase price Inventory number Total Checkouts Full call number Barcode Date last seen Cost, replacement price Price effective from Koha item type Date last checked out
        CRC Fr. Agnel's C.Rodrigues College of Engineering Fr. Agnel's C.Rodrigues College of Engineering 17/03/2023 A.O enterprises 405.00 456 dt 22.09.2022   629.2 KIR 26023 17/03/2023 450.00   BOOK  
        CRC Fr. Agnel's C.Rodrigues College of Engineering Fr. Agnel's C.Rodrigues- College of Engineering 17/03/2023 A.O enterprises 405.00 456 dt 22.09.2022 2 629.2 KIR 26024 28/08/2023 450.00   BOOK 28/08/2023